000 00712nam a2200217 u 4500
005 20250409063813.0
008 131202s2007 r 000 0 eng d
020 _a9789709833584
035 _aUPN01000194419
049 _aCG
050 4 _aJC599 M6
_bC6.6 2006
110 2 _aConsejo Nacional para Prevenir la Discriminación (México)
245 1 0 _aInforme anual de actividades y ejercicio presupuestal 2006.
260 _aMéxico :
_bCONAPRED,
_c2007.
300 _a135 p. :
_bgráfs., cuadros
650 4 _aDerechos humanos
_zMéxico
_95183
650 4 _aDiscriminación
_zMéxico
_921329
610 2 4 _aCONSEJO NACIONAL PARA PREVENIR LA DISCRIMINACION (MEXICO)
905 _aLibro
999 _c166520
_d166520